000 00531cam a22002171 4500
001 sa 65004405
003 DLC
005 20260227112130.0
008 881028s1963 xx 000 0 beno
010 _asa 65004405
035 _a(OCoLC)23575146
040 _aDLC
_cMiU
_dDLC
042 _apremarc
050 0 0 _aPK1704
_b.M78
100 1 _aMukhopādhyāẏa, Sudhīrañjana,
_d1919-
245 1 0 _aPūrbapatra.
260 _c[1963]
300 _a219 p.
_bports.
_c22 cm.
500 _aRomanized.
650 0 _aAuthors, Bengali
999 _c63734
_d63734